000 004690000a22001690004500
090 _aAR
_b01782
245 1 0 _aAllelopathy in agroecosystems
650 1 4 _aAgronomía
_995154
650 1 4 _aHorticultura
_995223
650 1 4 _aFitopatología
_97669
650 1 4 _aBioquímica
_993680
041 0 _aInglés
700 1 _aDuke, William B.
_995224
100 1 _aPutnam, Alan R.
_995225
942 _cARTICULO
773 1 _tAnnual Review of Phytopathology
_3602
_h16
_q431-451
_d1978
999 _c10859
_d10859